Kultainen Venla-voittajat - Statistics

Yleistilastot
  • Tätä visaa on pelattu 44 kertaa
  • Keskiarvotulos 7 / 27
Vastaustilastot
Vuosi Paras esiintyjä % Oikein
2010 Aku Hirviniemi
79%
2010 Aku Hirviniemi
79%
2011 Krista Kosonen
48%
2014 Krista Kosonen
48%
2012 Iina Kuustonen
45%
2013 Jussi Vatanen
40%
2014 Jussi Vatanen
40%
2016 Syke
33%
2013 Armi Toivanen
31%
2015 Suomen huutokauppakeisari
24%
2016 Ville Virtanen
24%
2014 Aki Palsanmäki
19%
2013 Arman Alizad
19%
2015 Arman Alizad
19%
2016 Arman Alizad
19%
2016 Anu Sinisalo
17%
2012 Kari Hietalahti
17%
2014 Posse
17%
2011 Martti Suosalo
14%
2012 Duudsonit
12%
2010 Duudsonit
12%
2011 Minttu Mustakallio
12%
2012 Duudsonit tuli taloon
10%
2011 Klikkaa mua
10%
2015 Matleena Kuusniemi
7%
2013 Taivaan tulet
7%
2015 Tommi Eronen
7%
Ehtoja vastaavia visoja ei löytynyt
Tulosjakauma
Jokaisen tuloksen saaneiden osuus
Persentiili vastausten määrän mukaan
Tuloshistoriasi
Et ole pelannut tätä visaa